25 most populated cities in Asturias - Statistics

General Stats
  • This quiz has been taken 244 times
  • The average score is 14 of 25
Answer Stats
Pop. Municipality % Correct
272 k Gijón
99%
220 k Oviedo
99%
79.5 k Avilés
94%
39.0 k Mieres
81%
13.8 k Llanes
79%
6.33 k Cangas de Onís
78%
51.8 k Siero
78%
12.9 k Cangas del Narcea
76%
40.5 k Langreo
73%
14.5 k Villaviciosa
61%
11.3 k Lena
46%
8.42 k Navia
46%
9.98 k Grado
41%
9.70 k Tineo
41%
22.5 k Castrillón
39%
13.2 k Laviana
39%
8.38 k Pravia
39%
16.6 k San Martín del Rey Aurelio
39%
13.8 k Llanera
36%
10.4 k Gozón
34%
11.0 k Aller
31%
12.0 k Valdés
30%
10.5 k Carreño
28%
15.9 k Corvera de Asturias
26%
7.18 k Piloña
20%
No matching quizzes found
Score Distribution
Percent of People with Each Score
Percentile by Number Answered
Your Score History
You have not taken this quiz